The Management of technical progrema, with special reference to the needs of developing countries (Record no. 359025)

000 -LEADER
fixed length control field 00511cam a22001577a 4500
008 - FIXED-LENGTH DATA ELEMENTS--GENERAL INFORMATION
fixed length control field 180718b1966 xxu||||| |||| 00| 0 eng d
082 ## - DEWEY DECIMAL CLASSIFICATION NUMBER
Classification number T25084 B293
100 ## - MAIN ENTRY--PERSONAL NAME
Personal name Bass, Lwrence W.
245 ## - TITLE STATEMENT
Title The Management of technical progrema, with special reference to the needs of developing countries
Statement of responsibility, etc. by Lwrence W. Bass
260 ## - PUBLICATION, DISTRIBUTION, ETC.
Place of publication, distribution, etc. New York
Name of publisher, distributor, etc. Praeger
Date of publication, distribution, etc. 1966
300 ## - PHYSICAL DESCRIPTION
Extent 139p.
500 ## - GENERAL NOTE
General note First Pub. 1965
650 ## - SUBJECT ADDED ENTRY--TOPICAL TERM
Topical term or geographic name entry element Industrialization
650 ## - SUBJECT ADDED ENTRY--TOPICAL TERM
Topical term or geographic name entry element New products
650 ## - SUBJECT ADDED ENTRY--TOPICAL TERM
Topical term or geographic name entry element Research, Industrial --Management
Holdings
Withdrawn status Lost status Damaged status Not for loan Permanent Location Current Location Date acquired Full call number Barcode Date last seen Price effective from Koha item type
        Indian Institute of Public Administration Indian Institute of Public Administration 1994-02-04 T25084 B293 40774 2018-07-21 2018-07-21 Book

Powered by Koha